[Event "Bamberg op 4th"]
[Site "Bamberg"]
[Date "2022.07.30"]
[Round "5"]
[White "Fischer, Edwin"]
[Black "Zeller, Frank"]
[Result "1/2-1/2"]
[WhiteElo "2165"]
[BlackElo "2356"]
[PlyCount "79"]
[EventDate "2022.07.27"]
[EventType "swiss"]
[EventRounds "9"]
[EventCountry "GER"]
[SourceTitle "EXT 2023"]
[Source "ChessBase"]
[SourceDate "2022.10.05"]
[SourceVersion "1"]
[SourceVersionDate "2022.10.05"]
[SourceQuality "1"]

1. d4 Nf6 2. Nc3 d5 3. Bg5 Nbd7 4. Qd3 h6 5. Bf4 c5 6. Nb5 c4 7. Qd2 Ne4 8. Nc7+ Qxc7 9. Bxc7 Nxd2 10. Kxd2 b5 11. e3 Bb7 12. c3 a5 13. Be2 e6 14. h4 Be7 15. Bg3 b4 16. Nh3 Nb6 17. Bd1 Kd7 18. h5 Bc6 19. f3 Ra7 20. Bc2 Rb7 21. Be5 f6 22. Bg3 Ra8 23. Nf4 Bd6 24. Ne2 Bxg3 25. Nxg3 Ba4 26. Bg6 Rab8 27. Rhb1 Nc8 28. Kc1 Nd6 29. Ne2 e5 30. a3 bxc3 31. bxc3 Bb3 32. Kd2 Kc6 33. dxe5 fxe5 34. f4 Re7 35. fxe5 Rxe5 36. Nd4+ Kc5 37. Rf1 Ba4 38. Rab1 Rxb1 39. Rxb1 Bd7 40. Nf3 1/2-1/2

[Event "Leipzig VfB op 23rd"]
[Site "Leipzig"]
[Date "2016.03.16"]
[Round "3"]
[White "Fischer, Edwin"]
[Black "Lieberwirth, Kasimir"]
[Result "0-1"]
[WhiteElo "2166"]
[BlackElo "1700"]
[PlyCount "62"]
[EventDate "2016.03.15"]
[EventType "swiss"]
[EventRounds "9"]
[EventCountry "GER"]
[SourceTitle "EXT 2017"]
[Source "ChessBase"]
[SourceDate "2016.10.25"]
[SourceVersion "1"]
[SourceVersionDate "2016.10.25"]
[SourceQuality "1"]

1. e4 c5 2. Nf3 Nc6 3. d4 cxd4 4. Nxd4 e5 5. Nb5 a6 6. Nd6+ Bxd6 7. Qxd6 Qe7 8. Qd2 Nf6 9. Nc3 d6 10. Nd5 Nxd5 11. exd5 Nb8 12. Be2 0-0 13. 0-0 f5 14. c4 Nd7 15. Qc2 a5 16. Bd2 Nc5 17. Rae1 f4 18. f3 Bf5 19. Qc3 Qh4 20. Rd1 Rf6 21. Be1 Qh5 22. g4 fxg3 23. Bxg3 Qg6 24. Kh1 e4 25. Bh4 Rff8 26. Be7 Rf7 27. Rg1 Qh5 28. Bf6 Bg6 29. Bd4 exf3 30. Rdf1 fxe2 31. Rxf7 Be4+ 0-1